Vybrané demografické a sociálno-zdravotné osobitosti vidieka v Slovenskej republike.
Nevhodný vplyv migrácie obyvateľstva do miest na malé dediny. Negatívne dôsledky zriadenia strediskových obcí na vybavenosť menších obcí. Štatistické údaje o štruktúre chorobnosti a úrazovosti v poľnohospodárstve, o vekovej štruktúre obyvateľstva, trvale bývajúceho na vidieku, a o využití a vybaveno...
Salvato in:
| Autore principale: | |
|---|---|
| Altri autori: | |
| Natura: | Capitolo di libro |
| Lingua: | slovacco |
| Soggetti: | |
| Tags: |
Nessun Tag, puoi essere il primo ad aggiungerne!!
|
MARC
| LEADER | 00000naa a2200000 4500 | ||
|---|---|---|---|
| 001 | r011294 | ||
| 005 | 20220831091021.2 | ||
| 041 | 0 | |a slo | |
| 044 | |a [CS] | ||
| 245 | 1 | 0 | |a Vybrané demografické a sociálno-zdravotné osobitosti vidieka v Slovenskej republike. |c J. Hrubý, R. Grofik |
| 520 | |a Nevhodný vplyv migrácie obyvateľstva do miest na malé dediny. Negatívne dôsledky zriadenia strediskových obcí na vybavenosť menších obcí. Štatistické údaje o štruktúre chorobnosti a úrazovosti v poľnohospodárstve, o vekovej štruktúre obyvateľstva, trvale bývajúceho na vidieku, a o využití a vybavenosti bytového fondu. | ||
| 610 | 2 | 0 | |a Slovensko |
| 610 | 2 | 0 | |a demografia |
| 610 | 2 | 0 | |a vidiek |
| 610 | 2 | 0 | |a štruktúra obyvateľstva |
| 610 | 2 | 0 | |a fond bytový |
| 610 | 2 | 0 | |a údaje štatistické |
| 610 | 2 | 0 | |a migrácia |
| 610 | 2 | 0 | |a úrazy pracovné |
| 610 | 2 | 0 | |a 1991 |
| 100 | 1 | |a Hrubý, J. | |
| 700 | 1 | |a Grofik, R. | |